| 000 | 00681nam a2200229I1 4500 | ||
|---|---|---|---|
| 008 | |||
| 049 | _aMAIN | ||
| 090 |
_aQH207 _bEMM |
||
| 100 | _aEmmel, Victor M. | ||
| 245 | 0 | 0 |
_aLaboratory technique in biology and medicine. _c[by] Victor M. Emmel [and] E. V. Cowdry. |
| 250 | _a4th ed. | ||
| 260 |
_aBaltimore : _bWilliams & Wilkins, _c1964. |
||
| 300 |
_axxxiv, 453 p. _c24 cm. |
||
| 650 | 2 |
_aMicroscopy _xlaboratory manuals. |
|
| 650 | 2 | _aMedical Laboratory Science. | |
| 700 | _aCowdry, E V. | ||
| 907 |
_a.b10366234 _b18-11-15 _c18-11-15 |
||
| 003 | |||
| 005 | 20230123122158.0 | ||
| 040 | _cNUST | ||
| 942 |
_cBOOKS _kQH207 _mEMM |
||
| 999 |
_c129169 _d129169 |
||